000 00438nam a2200193Ia 4500
001 11986
003 GE_BSU
008 181216s||||||||xx |||||||||||||| ||und||
040 _cGE_BSU
080 _a821.111-32
100 _aRoche,Mazo De La
245 _aMorning at Jalna:Unabridged
260 _aLondon
260 _bPan Books LTD.
260 _c1960.
300 _a268p;18cm.
653 _aMorning at Jalna:Unabridged
942 _cBK
999 _c45163
_d45163